000 00301nam a22001337a 4500
008 170614b xxu||||| |||| 00| 0 eng d
020 _a0060961716
041 _aeng
080 _a32
100 _a19
101 _aSHP
245 _aREPRODUCTIVE RIGHTS AND WRONGS
_cHARTMANN,B
942 _2udc
_cBK
999 _c17270
_d17270